[Event "HUN-chT2 Toth 0304"]
[Site "Hungary"]
[Date "2004.02.22"]
[Round "8"]
[White "Fodor, Istvan"]
[Black "Borombos, Edit"]
[Result "1/2-1/2"]
[WhiteElo "2092"]
[BlackElo "2057"]
[PlyCount "28"]
[EventDate "2003.09.28"]
[EventType "team"]
[EventRounds "11"]
[EventCountry "HUN"]
[SourceTitle "EXT 2009"]
[Source "ChessBase"]
[SourceDate "2008.11.26"]
[SourceVersion "1"]
[SourceVersionDate "2008.11.26"]
[SourceQuality "1"]
[WhiteTeam "Karcag"]
[BlackTeam "Battonya"]
[WhiteTeamCountry "HUN"]
[BlackTeamCountry "HUN"]

1. d4 Nf6 2. c4 d5 3. Nc3 c6 4. Nf3 h6 5. e3 Bg4 6. Bd3 e6 7. 0-0 Bd6 8. h3 Bh5 9. Re1 0-0 10. e4 dxe4 11. Nxe4 Bb4 12. Nxf6+ Qxf6 13. Re4 Bxf3 14. Qxf3 Qxf3 1/2-1/2